000 00461nam a22001457u 4500
008 130405s1991 xxu||||| |||| 00| 0 ita d
041 _aita
100 1 _aDybowski, Miroslaw
_921959
245 0 0 _aL'Ecclesiologia liturgica nei prefazi De Tempore del Sacramentarium Gelasianum Vetus
_cMiroslaw Dybowski
260 _aRoma:
_bTipografica Leberit,
_c1991
300 _a273 p.
_c;24 cm.
650 0 4 _aLiturgia
_yÉpoca primitiva
_915693
942 _cBK
001 49918
999 _c242737
_d242737